Research genres : (رقم التسجيلة. 29834)
[ عرض عادي ]
| 000 -الفاتح | |
|---|---|
| حقل البيانات ثابتة الطول | 01513pam a2200397 a 4500 |
| 001 - رقم الضبط | |
| رقم الضبط | 5359569 |
| 003 - محدد رقم الضبط | |
| رقم الضبط | OSt |
| 005 - وقت وتاريخ اخر تعامل مع التسجيلة | |
| رقم الضبط | 20150408114132.0 |
| 008 - عناصر البيانات ثابتة الطول - معلومات عامة | |
| حقل البيانات ثابتة الطول | 040224s2004 enka b 001 0 eng |
| 010 ## - رقم ضبط مكتبة الكونجرس | |
| رقم ضبط مكتبة الكونجرس | 2004045183 |
| 020 ## - الرقم الدولى المعيارى للكتب | |
| الرقم الدولى المعيارى للكتاب | 0521825946 |
| 020 ## - الرقم الدولى المعيارى للكتب | |
| الرقم الدولى المعيارى للكتاب | 0521533341 (pb.) |
| 035 ## - رقم ضبط النظام | |
| رقم ضبط النظام | (OCoLC)ocm54686069 |
| 035 ## - رقم ضبط النظام | |
| رقم ضبط النظام | (NNC)5359569 |
| 040 ## - مصدر الفهرسة | |
| وكالة الفهرسة الأصلية | DLC |
| وكالة النسخ | DLC |
| وكالة التعديل | YDX |
| -- | BAKER |
| 050 00 - رقم طلب مكتبة الكونجرس | |
| رقم التصنيف | PE1128.A2 |
| رقم المادة | S94 2004 |
| 082 00 - رقم تصنيف ديوى العشرى | |
| رقم التصنيف | 428.00711 SJR |
| رقم الطبعة | 22 |
| 100 1# - المدخل الرئيسى - إسم شخصى | |
| الإسم الشخصى | Swales, John. |
| 9 (RLIN) | 35567 |
| 245 10 - بيان العنوان | |
| العنوان | Research genres : |
| بقية العنوان | explorations and applications / |
| بيان المسئوليه,etc | John M. Swales. |
| 260 ## - PUBLICATION, DISTRIBUTION, ETC. (IMPRINT) | |
| مكان الناشر او الموزع | Cambridge, UK ; |
| -- | New York : |
| اسم الناشر او الموزع | Cambridge University Press, |
| تاريخ النشر أو التوزيع | 2004. |
| 300 ## - الوصف المادى | |
| التعداد | xii, 314 p. : |
| تفاصيل ماديه اخرى للوعاء | ill. ; |
| أبعاد الوعاء | 24 cm. |
| 490 1# - بيان السلسلة | |
| عنوان السلسلة | The Cambridge applied linguistics series |
| 504 ## - تبصرة ببليوجرافية | |
| تبصرة ببليوجرافية,الخ | Includes bibliographical references (p. 275-297) and indexes. |
| 650 #0 - المدخل الاضافى بالموضوع-مصطلح موضوعى | |
| مصطلح موضوعي أو اسم جغرافي كعنصر مدخل | English language |
| التقسيم الفرعي العام | Study and teaching (Higher) |
| -- | Foreign speakers. |
| 9 (RLIN) | 35539 |
| 650 #0 - المدخل الاضافى بالموضوع-مصطلح موضوعى | |
| مصطلح موضوعي أو اسم جغرافي كعنصر مدخل | English language |
| التقسيم الفرعي العام | Rhetoric |
| -- | Study and teaching. |
| 9 (RLIN) | 35523 |
| 650 #0 - المدخل الاضافى بالموضوع-مصطلح موضوعى | |
| مصطلح موضوعي أو اسم جغرافي كعنصر مدخل | Interdisciplinary approach in education. |
| 9 (RLIN) | 35568 |
| 650 #0 - المدخل الاضافى بالموضوع-مصطلح موضوعى | |
| مصطلح موضوعي أو اسم جغرافي كعنصر مدخل | Dissertations, Academic |
| التقسيم الفرعي العام | Authorship. |
| 9 (RLIN) | 35569 |
| 650 #0 - المدخل الاضافى بالموضوع-مصطلح موضوعى | |
| مصطلح موضوعي أو اسم جغرافي كعنصر مدخل | Research |
| التقسيم الفرعي العام | Methodology. |
| 650 #0 - المدخل الاضافى بالموضوع-مصطلح موضوعى | |
| مصطلح موضوعي أو اسم جغرافي كعنصر مدخل | Academic writing. |
| 9 (RLIN) | 4072 |
| 830 #0 - المدخل الاضافى بالسلسلة -عنوان موحد | |
| عنوان موحد | Cambridge applied linguistics series. |
| 9 (RLIN) | 35521 |
| 856 41 - الوصول و الموقع الالكترونى | |
| مواد محددة | Table of contents |
| معرف المصدر الموحد | <a href="http://www.loc.gov/catdir/toc/cam041/2004045183.html">http://www.loc.gov/catdir/toc/cam041/2004045183.html</a> |
| 856 42 - الوصول و الموقع الالكترونى | |
| مواد محددة | Publisher description |
| معرف المصدر الموحد | <a href="http://www.loc.gov/catdir/description/cam041/2004045183.html">http://www.loc.gov/catdir/description/cam041/2004045183.html</a> |
| 942 ## - عناصر المدخل الإضافي( كوها) | |
| مصدر التصنيف او مخطط الترفيف | Dewey Decimal Classification |
| Koha [default] item type | كتاب |
| 948 1# - معلومات معالجة محلية جزء السلاسل(OCLC); DESIGNATOR (RLIN) | |
| Series part designator, SPT (RLIN) | 20050803 |
| b (OCLC) | c |
| c (OCLC) | dc21 |
| d (OCLC) | MPS |
| حالة الفقد | نموذج السعر الفعال | حالة تلف | ليس للاعارة | رقم الطلب | رقم النسخة | تاريخ الاكتساب | الموقع الحالي | الباركود | الفرع الرئيسي | Total Renewals | Date last checked out | Date last seen | نوع المادة فى نظام كوها | مصدر التصنيف او خطة الترفيف | Total Checkouts |
|---|---|---|---|---|---|---|---|---|---|---|---|---|---|---|---|
| 2013-04-25 | Not For Loan | 428.00711 SJR | 1 | 2013-04-25 | المكتبة المركزية بالمجمعة (CL) | 00305736 | المكتبة المركزية بالمجمعة (CL) | 1 | 2014-03-31 | 2014-08-26 | كتاب | Dewey Decimal Classification | 1 | ||
| 2013-04-25 | 428.00711 SJR | 2 | 2013-04-25 | المكتبة المركزية بالمجمعة (CL) | 00305737 | المكتبة المركزية بالمجمعة (CL) | 1 | 2014-05-05 | 2015-01-26 | كتاب | Dewey Decimal Classification | 1 | |||
| 2013-04-25 | 428.00711 SJR | 3 | 2013-04-25 | المكتبة المركزية بالمجمعة (CL) | 00305738 | المكتبة المركزية بالمجمعة (CL) | 2013-04-25 | كتاب | Dewey Decimal Classification |
